[Event "Santiago de Cali op"]
[Site "Cali"]
[Date "2024.12.29"]
[Round "6"]
[White "Chosson, Julien"]
[Black "Amaya, Brayan Angel"]
[Result "0-1"]
[WhiteElo "2035"]
[BlackElo "1874"]
[PlyCount "118"]
[EventDate "2024.12.26"]
[EventType "swiss"]
[EventRounds "8"]
[EventCountry "COL"]
[SourceTitle "CB01_2025"]
[SourceDate "2025.01.01"]
[SourceVersion "1"]
[SourceVersionDate "2025.01.01"]
[SourceQuality "1"]

1. d4 Nf6 2. c4 e6 3. Nf3 Bb4+ 4. Bd2 Be7 5. Nc3 d5 6. cxd5 exd5 7. Bg5 c6 8. Qc2 Be6 9. e3 Nbd7 10. Bd3 Rc8 11. 0-0 0-0 12. h3 Re8 13. Rab1 g6 14. Bf4 Nh5 15. Bh2 Ng7 16. b4 b5 17. a4 a6 18. a5 f5 19. Ne2 Nh5 20. Nc1 Nhf6 21. Be2 Ne4 22. Nd3 Nd6 23. Nfe5 Nc4 24. Qc3 Ndxe5 25. Nxe5 Bd6 26. Nd3 Bxh2+ 27. Kxh2 Qd6+ 28. Kg1 Rc7 29. Nc5 Bc8 30. Rbd1 Rce7 31. Bd3 f4 32. e4 dxe4 33. Bxc4+ bxc4 34. Qxc4+ Qd5 35. Qxd5+ cxd5 36. Rfe1 g5 37. Rc1 h5 38. Na4 g4 39. Nb6 Be6 40. hxg4 hxg4 41. Rc5 Rd8 42. Rc6 Kf7 43. Rec1 f3 44. Rc7 Rde8 45. R7c6 Kg7 46. Rd6 Rf7 47. Rcc6 e3 48. Rxe6 g3 49. fxe3 f2+ 50. Kf1 Rxe6 51. Rxe6 Rc7 52. Re7+ Rxe7 53. Nxd5 Re8 54. Nf4 Rh8 55. Nh3 Rc8 56. Nxf2 Rf8 57. d5 Rxf2+ 58. Ke1 Kf6 59. e4 Ke5 0-1

[Event "Santiago de Cali op"]
[Site "Cali"]
[Date "2024.12.27"]
[Round "3"]
[White "Chosson, Julien"]
[Black "Gonzalez Velasco, Leandro"]
[Result "0-1"]
[WhiteElo "2035"]
[BlackElo "2097"]
[PlyCount "152"]
[EventDate "2024.12.26"]
[EventType "swiss"]
[EventRounds "8"]
[EventCountry "COL"]
[SourceTitle "CB01_2025"]
[SourceDate "2025.01.01"]
[SourceVersion "1"]
[SourceVersionDate "2025.01.01"]
[SourceQuality "1"]

1. d4 Nf6 2. c4 e6 3. Nf3 d5 4. Nc3 Bb4 5. cxd5 exd5 6. Bg5 Nbd7 7. e3 h6 8. Bxf6 Bxc3+ 9. bxc3 Nxf6 10. Bd3 0-0 11. Ne5 Nd7 12. Nxd7 Bxd7 13. 0-0 Qg5 14. Qf3 Rae8 15. Qg3 Qd8 16. Rae1 f5 17. Re2 Bc6 18. Rb2 Qd7 19. a4 a5 20. Bb5 Rf6 21. Rfb1 b6 22. Qf3 Kh8 23. Rc1 Ree6 24. g3 Rd6 25. Qe2 Qe7 26. Qf3 Bb7 27. Bf1 Qd7 28. Bb5 Qf7 29. Bf1 Qd7 30. Bb5 Qf7 31. Bf1 f4 32. exf4 g5 33. Re1 gxf4 34. Rbe2 fxg3 35. Re8+ Kg7 36. Qxg3+ Rg6 37. R8e7 Rxg3+ 38. hxg3 Kf8 39. Rxf7+ Kxf7 40. Re5 Bc6 41. Bg2 Bxa4 42. Bxd5+ Kf6 43. f4 Bc2 44. Ba2 a4 45. Re2 Bf5 46. Rb2 Be6 47. Bxe6 Rxe6 48. Rb4 Re3 49. Kf2 Rxc3 50. Rxa4 Kf5 51. Ra8 Ke4 52. Re8+ Kxd4 53. f5 h5 54. Rh8 Ke4 55. Rxh5 Rf3+ 56. Ke2 Rxf5 57. Rh7 Rc5 58. Rh4+ Kd5 59. Kd3 Rc1 60. Rh5+ Ke6 61. Rg5 Kd6 62. g4 Ke6 63. Kd4 c5+ 64. Kd3 b5 65. Rg6+ Ke5 66. Rg8 b4 67. Kd2 Rc3 68. Rg5+ Kd4 69. Rg8 Rg3 70. Kc2 Kc4 71. Rg5 Rg2+ 72. Kb1 Kb3 73. Rxc5 Rg1+ 74. Rc1 Rxc1+ 75. Kxc1 Ka2 76. g5 b3 0-1

[Event "Santiago de Cali op"]
[Site "Cali"]
[Date "2024.12.26"]
[Round "1"]
[White "Chosson, Julien"]
[Black "Ramirez Villegas, Nicolas David"]
[Result "1-0"]
[WhiteElo "2035"]
[BlackElo "1765"]
[PlyCount "117"]
[EventDate "2024.12.26"]
[EventType "swiss"]
[EventRounds "8"]
[EventCountry "COL"]
[SourceTitle "CB01_2025"]
[SourceDate "2025.01.01"]
[SourceVersion "1"]
[SourceVersionDate "2025.01.01"]
[SourceQuality "1"]

1. d4 f5 2. g3 Nf6 3. Bg2 e6 4. c4 d5 5. Nc3 c6 6. Bf4 Bd6 7. Bxd6 Qxd6 8. Nf3 Nbd7 9. 0-0 0-0 10. Qc2 Ne4 11. Rab1 Nxc3 12. Qxc3 b6 13. Rfc1 Ba6 14. cxd5 cxd5 15. Qc7 Qxc7 16. Rxc7 Rfd8 17. e3 Nf8 18. Ne5 Rdc8 19. Rbc1 Rxc7 20. Rxc7 Rc8 21. Rxc8 Bxc8 22. Nc6 Ng6 23. Nxa7 Ba6 24. Bf1 Bxf1 25. Kxf1 Ne7 26. Ke2 Kf7 27. Kd3 Ke8 28. Kc3 Kd7 29. Nb5 Kc6 30. Na3 Ng8 31. Nc2 Nf6 32. f3 g5 33. Kd3 g4 34. Ne1 gxf3 35. Nxf3 Kd6 36. a4 Ne4 37. Ke2 Ke7 38. Ne5 Kd6 39. Nd3 Nf6 40. Nf2 Kc6 41. Kf3 h5 42. Kf4 Nh7 43. b4 Kc7 44. h4 Kc6 45. Ke5 Kd7 46. a5 bxa5 47. bxa5 Ke7 48. a6 Nf8 49. Kf4 Nd7 50. a7 Nb6 51. Kg5 Kf7 52. Nd3 Kg7 53. Nf4 Kf7 54. Nxh5 Kg8 55. Nf4 Kh8 56. Nxe6 f4 57. Nxf4 Na8 58. Nxd5 Kh7 59. e4 1-0

[Event "Montagne Rapid op 2nd"]
[Site "Montagne"]
[Date "2021.08.22"]
[Round "7"]
[White "Fantinel, Thibault"]
[Black "Chosson, Julien"]
[Result "1/2-1/2"]
[WhiteElo "2376"]
[BlackElo "1965"]
[PlyCount "72"]
[EventDate "2021.08.22"]
[EventType "swiss (rapid)"]
[EventRounds "9"]
[EventCountry "FRA"]
[SourceTitle "CBM 203 Extra"]
[Source "ChessBase"]
[SourceDate "2021.09.30"]
[SourceVersion "1"]
[SourceVersionDate "2021.09.30"]
[SourceQuality "1"]

1. e4 c5 2. Nf3 e6 3. g3 Nc6 4. Bg2 Nf6 5. Nc3 d5 6. exd5 Nxd5 7. 0-0 Be7 8. d4 cxd4 9. Nxd5 exd5 10. Nxd4 0-0 11. c3 Bf6 12. Be3 Ne5 13. b3 Bg4 14. Qd2 Rc8 15. Rfe1 Qa5 16. Rac1 Qa6 17. f3 Bh5 18. g4 Bg6 19. Bf1 Qb6 20. Kg2 Qa5 21. Bf2 Rfe8 22. h4 h6 23. a4 Nc6 24. Rxe8+ Rxe8 25. g5 hxg5 26. hxg5 Nxd4 27. Bxd4 Bxd4 28. Qxd4 Qb6 29. Qxb6 axb6 30. Kf2 Re5 31. f4 Re4 32. Kg3 Re3+ 33. Kf2 Re4 34. Kg3 Re3+ 35. Kf2 Re4 36. Kg3 Re3+ 1/2-1/2

[Event "Avoine op 34th"]
[Site "Avoine"]
[Date "2019.07.24"]
[Round "5"]
[White "Chosson, Julien"]
[Black "Baillon, Olivier"]
[Result "0-1"]
[WhiteElo "1916"]
[BlackElo "2279"]
[PlyCount "102"]
[EventDate "2019.07.20"]
[EventType "swiss"]
[EventRounds "9"]
[EventCountry "FRA"]
[SourceTitle "EXT 2020"]
[Source "ChessBase"]
[SourceDate "2019.10.17"]
[SourceVersion "1"]
[SourceVersionDate "2019.10.17"]
[SourceQuality "1"]

1. d4 g6 2. c4 Bg7 3. e4 c5 4. d5 d6 5. Nc3 e6 6. Nge2 Ne7 7. Ng3 exd5 8. cxd5 a6 9. a4 0-0 10. Be2 f5 11. exf5 Nxf5 12. Nxf5 Bxf5 13. 0-0 Bd4 14. Be3 Bxe3 15. fxe3 Qg5 16. Qc1 Qe7 17. g4 Be4 18. Rxf8+ Kxf8 19. Qf1+ Kg7 20. Qf4 Bc2 21. Qf2 Nd7 22. Bxa6 bxa6 23. Qxc2 Qxe3+ 24. Qf2 Qxf2+ 25. Kxf2 Rb8 26. Rb1 Ne5 27. Kg3 Rb4 28. h3 h6 29. b3 Kf6 30. Rf1+ Ke7 31. Rb1 Kd7 32. a5 c4 33. bxc4 Rxb1 34. Nxb1 Nxc4 35. Kf4 Nxa5 36. h4 Nc4 37. Nc3 Ke7 38. h5 g5+ 39. Ke4 a5 40. Na4 Kf6 41. Nc3 Ne5 42. Nb5 Ke7 43. Kf5 a4 44. Na3 Kf7 45. Nb5 Nc4 46. Ke4 a3 47. Nc3 Kf6 48. Kd3 Ne5+ 49. Kc2 Nxg4 50. Kb3 Ke5 51. Kxa3 Nf6 0-1